All the French Clubs to have played in Europe - Statistics

General Stats
  • This quiz has been taken 35 times
  • The average score is 24 of 37
Answer Stats
Match played Points Answer % Correct
145 152 LOSC
97%
289 343 OL
97%
270 288 OM
97%
287 366 PSG
97%
229 245 Monaco
94%
216 252 Bordeaux
91%
26 34 Reims
91%
66 78 Strasbourg
91%
78 76 Rennes
88%
32 29 Toulouse
88%
2 2 Toulouse
88%
10 9 Brest
85%
90 97 Lens
85%
85 65 OGC Nice
85%
22 16 MHSC
82%
108 115 Nantes
82%
38 42 Sochaux
79%
108 117 Auxerre
76%
12 10 Guingamp
76%
2 2 Lorient
76%
26 19 Metz
76%
2 1 Angers
70%
22 27 Bastia
70%
18 18 Nancy
67%
121 132 ASSE
61%
2 2 Caen
61%
8 8 Nîmes
58%
6 4 Sedan
42%
8 8 Cannes
39%
6 5 Rouen
39%
4 4 Laval
33%
2 1 Gueugnon
21%
4 4 ESTAC Troyes
6%
2 0 Racing CF
3%
6 5 Stade Français
3%
2 2 Angoulême
0%
2 0 Berrichonne Châtauroux
0%
No matching quizzes found
Score Distribution
Percent of People with Each Score
Percentile by Number Answered
Your Score History
You have not taken this quiz